Efecto del grado de madurez, período de almacenaje y sistemas de embalaje sobre la calidad de ciruelas de exportación

Guardado en:
Detalles Bibliográficos
Autores Corporativos: CORFO (Autor), ENAFRI (Autor)
Formato: Libro
Lenguaje:español
Publicado: Santiago CORFO 1973
Colección:Publicación Técnica, 6
Materias:
Etiquetas: Agregar Etiqueta
Sin Etiquetas, Sea el primero en etiquetar este registro!

MARC

LEADER 00000nam a2200000 a 4500
001 UCR6715
003 CL-VaPUC
008 980423e19730000CL |||||||||||||||||spa|d
082 0 4 |a 664.07  |b COR  |2 21 
110 2 |a CORFO  |e author  |9 407734 
710 2 |a ENAFRI  |e author  |9 407735 
245 1 0 |a Efecto del grado de madurez, período de almacenaje y sistemas de embalaje sobre la calidad de ciruelas de exportación 
300 |a 150 p 
942 |c BK 
945 |d 19980423 00:00:00  |a crobeson 
260 |a Santiago  |b CORFO  |c 1973 
650 7 |a CIRUELAS  |2 CL-VaPUC  |9 325642 
650 0 |a Frutas  |9 259500 
650 0 |a Conservación de los alimentos  |9 259337 
650 0 |a Almacenamiento  |9 341876 
650 7 |a MADUREZ  |2 CL-VaPUC  |9 309002 
650 0 |a Control de calidad   |9 259714 
650 0 |a Exportación  |9 351066 
583 |a last modification  |c 19980423 00:00:00  |k Rodrigo Vera 
490 0 |a Publicación Técnica, 6 
999 |c 268642  |d 268640 
952 |0 0  |1 0  |4 0  |6 664_070000000000000_COR_1973  |7 0  |8 A  |9 301861  |a BIBALI  |b BIBALI  |c GEN  |d 2019-11-20  |i 1981765  |o 664.07 COR 1973  |p 1981765  |r 2025-01-20  |w 2019-11-20  |y BK  |k ALI